Tahāfut al-falāsifah (Record no. 46486)

MARC details
000 -LEADER
fixed length control field 00826cam a22002291 4500
001 - CONTROL NUMBER
control field ne 63002525
003 - CONTROL NUMBER IDENTIFIER
control field DLC
005 - DATE AND TIME OF LATEST TRANSACTION
control field 20260227111753.0
008 - FIXED-LENGTH DATA ELEMENTS--GENERAL INFORMATION
fixed length control field 890607s1962 le 000 0 ara
010 ## - LIBRARY OF CONGRESS CONTROL NUMBER
LC control number ne 63002525
025 ## - OVERSEAS ACQUISITION NUMBER
Overseas acquisition number PL480:UAR-2091
035 ## - SYSTEM CONTROL NUMBER
System control number (OCoLC)19830394
040 ## - CATALOGING SOURCE
Original cataloging agency DLC
Transcribing agency WaU
Modifying agency WaU
-- DLC
042 ## - AUTHENTICATION CODE
Authentication code premarc
050 00 - LIBRARY OF CONGRESS CALL NUMBER
Classification number B753.G33
Item number T3 1962
100 1# - MAIN ENTRY--PERSONAL NAME
Personal name Ghazzālī,
Dates associated with a name 1058-1111.
245 10 - TITLE STATEMENT
Title Tahāfut al-falāsifah
Statement of responsibility, etc. [allafahu] Abū Ḥāmid Muḥammad al-Ghazzālī. Ḥaqqaqahu wa-waqafa ʻalá ṭabʻihi Mūrīs Buwīj fī ṭabʻah ūlá sanat 1927 wa-uʻīdu ṭabʻuhu maṣdaran bi-dirāsah li-Mājid Fakhrī.
250 ## - EDITION STATEMENT
Edition statement [al-Ṭabʻah al-thāniyah]
260 ## - PUBLICATION, DISTRIBUTION, ETC.
Place of publication, distribution, etc. Bayrūt,
Name of publisher, distributor, etc. al-Maṭbaʻah al-Kāthūlīkīyah,
Date of publication, distribution, etc. 1962.
300 ## - PHYSICAL DESCRIPTION
Extent 256 p.
Dimensions 24 cm.
650 #0 - SUBJECT ADDED ENTRY--TOPICAL TERM
Topical term or geographic name entry element Islam and philosophy.

No items available.

Powered by Koha